LEADER 00880nas a2200229 i 4500 001 000000162861 003 CaOOAMICUS 005 20080310000000.0 008 070710b2007 it uu u0 0ita r 013 $a140225 040 $aSeMil$bita 245 10$a2007 : Aprile. 260 $aGenova :$bCOEDIT, Mauro Cormagi ed.,$ccopyr. 2007. 300 $a184 p. :$bgrafici, tabelle ;$c21 cm. 500 $aContiene : Summaries = Riassunti [in inglese]. 773 0 $tQuaderni di Scienza Politica.$dMilano : Giuffrè, 1994.$x1124-7959$w()2666 774 0 $t[vedi periodico].$w()266882 850 $aSeMil 852 $aSeMil$W1$xVenegono$y1$m198 4 60$j114186$B114186$CSeMilBibl$Z2$F132262 $85 961 $aAbbonamento: COEDIT 996 $6245$a2007 : Aprile$9(OLS)http://semarc/title/232343 996 $6260$aGenova :$bCOEDIT, Mauro Cormagi ed.$9(OLS)http://semarc/publisher/44365 LEADER 01057nam a2200229 i 4500 001 000000072845 003 CaOOAMICUS 005 20140521000000.0 008 140521s1816 it u000 u ita u 013 $a44017 026 $aa.il lem- diil "i"g (3) 1816 (A) 040 $aSeMil$bita 245 10$aVol. 1. 300 $aIV, 210, [2] p., [1] c. di tav. ripieg., [2] c. di tav. :$bill. calcogr., ritr. 500 $aRitr. calcogr. dell'A. inciso da C. Rampoldi. 700 1 $aRampoldi, Carlo .$0(OLS)http://semarc/name/35214 773 0 $aVico, Giambattista <1668-1744>$tPrincipj di scienza nuova di Giambattista Vico d'intorno alla comune natura delle nazioni colla vita dell'autore scritta da lui medesimo. Volume 1. [-3.].$bEdizione sesta.$dMilano : Dalla tipografia di Giovanni Silvestri, 1816.$g1$w()29808 850 $aSeMil 852 $aSeMil$W1$xVenegono$y1$m2Q III 60 FA$j38998$B38998$CSeMilBibl$Z2$F39001 $8I 941 1 $a10 961 $aRecupero: Mantegazza 996 $6245$aVol. 1$9(OLS)http://semarc/title/13429